Tạrīq al-daʻwah /

محفوظ في:

المؤلف الرئيسي: Mashhūr, Muṣṭafá.

التنسيق: كتاب

اللغة: Arabic

منشور في: al-Qāhirah : Dār al-Tawzīʻ wa-al-Nashr al-Islāmīyah, 1995.

سلاسل: Min fiqh al-daʻwah ; 1.

الموضوعات:

الوسوم: إضافة وسم

لا توجد وسوم, كن أول من يضع وسما على هذه التسجيلة!

رقم الطلب: BP170.85 .M315 1995

LEADER 00590nam a2200205Ia 4500
003 OSt
005 20241111094734.0
008 231106s1995 ua 000 0 arar
999 |c 54967  |d 54967 
020 |a 9772651149 
040 |c ARCE Library 
050 4 |a BP170.85 .M315 1995 
100 1 |a Mashhūr, Muṣṭafá.  
245 1 0 |a Tạrīq al-daʻwah /   |c Muṣṭafá Mashhūr. 
264 1 |a al-Qāhirah :   |b Dār al-Tawzīʻ wa-al-Nashr al-Islāmīyah,   |c 1995. 
300 |a 621 p. :   |c 25 cm. 
490 0 |a Min fiqh al-daʻwah ; 1. 
650 0 |a Daʻwah (Islam)  
901 |a reviewed 
942 |2 lcc  |c BK